The noble scholar, jurist, historian


 His Excellency Dr. Abdul Wahhab bin Ibrahim Abu Sulaiman, may Allah have mercy on him.


 He was born in Umm Al-Qura in the year 1356 AH.

مقدمة شفاء السقام، المسماة، تطهير الفؤاد من دنس الاعتقاد / (Record no. 14693)

MARC details
000 -LEADER
fixed length control field 01606cam a22003251i 4500
003 - CONTROL NUMBER IDENTIFIER
control field SA-RiAUC
005 - DATE AND TIME OF LATEST TRANSACTION
control field 20260330134555.0
008 - FIXED-LENGTH DATA ELEMENTS--GENERAL INFORMATION
fixed length control field 260319s1900 ua g f000r0 ara c
040 ## - CATALOGING SOURCE
Original cataloging agency SA-JeALM
Language of cataloging ara
Transcribing agency SA-RiAUC
Description conventions rda
043 ## - GEOGRAPHIC AREA CODE
Geographic area code a-su---
082 04 - DEWEY DECIMAL CLASSIFICATION NUMBER
Classification number 215.2
Assigning agency SA-RiAUC
090 ## - LOCALLY ASSIGNED LC-TYPE CALL NUMBER (OCLC); LOCAL CALL NUMBER (RLIN)
Classification number (OCLC) (R) ; Classification number, CALL (RLIN) (NR) م ن 215.2
Local cutter number (OCLC) ; Book number/undivided call number, CALL (RLIN) م ح م
100 0# - MAIN ENTRY--PERSONAL NAME
Personal name محمد بخيت بن حسين المطيعي،
Dates associated with a name 1271-1354 هجري
Relator term مؤلف.
245 10 - TITLE STATEMENT
Title مقدمة شفاء السقام، المسماة، تطهير الفؤاد من دنس الاعتقاد /
Statement of responsibility, etc. تأليف محمد بخيت.
246 33 - VARYING FORM OF TITLE
Title proper/short title تطهير الفؤاد من دنس الاعتقاد
250 ## - EDITION STATEMENT
Edition statement الطبعة الأولى.
264 #1 - PRODUCTION, PUBLICATION, DISTRIBUTION, MANUFACTURE, AND COPYRIGHT NOTICE
Place of production, publication, distribution, manufacture القاهرة ؛
-- بولاق، مصر :
Name of producer, publisher, distributor, manufacturer المطبعة الكبرى الأميرية،
Date of production, publication, distribution, manufacture, or copyright notice [1900]
300 ## - PHYSICAL DESCRIPTION
Extent 20 صفحة ؛
Dimensions 29 سم
336 ## - CONTENT TYPE
Content type term نص
Content type code txt
Source rdacontent
Materials specified كتاب
337 ## - MEDIA TYPE
Media type term بدون وسيط
Media type code n
Source rdamedia
338 ## - CARRIER TYPE
Carrier type term مجلد
Carrier type code nc
Source rdacarrier
610 27 - SUBJECT ADDED ENTRY--CORPORATE NAME
Corporate name or jurisdiction name as entry element المسجد النبوي الشريف
General subdivision فضائل
Source of heading or term aucnm
650 #7 - SUBJECT ADDED ENTRY--TOPICAL TERM
Topical term or geographic name entry element الأماكن المقدسة الإسلامية
Geographic subdivision السعودية
Source of heading or term aucsh
650 #7 - SUBJECT ADDED ENTRY--TOPICAL TERM
Topical term or geographic name entry element زيارة المدينة المنورة
Source of heading or term aucsh
700 12 - ADDED ENTRY--PERSONAL NAME
Personal name تقي الدين السبكي، علي بن عبد الكافي بن علي،
Dates associated with a name 683-756 هجري
740 02 - ADDED ENTRY--UNCONTROLLED RELATED/ANALYTICAL TITLE
Uncontrolled related/analytical title كتاب شفاء السقام في زيارة خير الأنام صلى الله عليه وسلم.
740 02 - ADDED ENTRY--UNCONTROLLED RELATED/ANALYTICAL TITLE
Uncontrolled related/analytical title شفاء السقام في زيارة خير الأنام صلى الله عليه وسلم.
942 ## - ADDED ENTRY ELEMENTS (KOHA)
Source of classification or shelving scheme Dewey Decimal Classification
Koha item type كتاب مصور نادر
Suppress in OPAC No
949 ## - LOCAL PROCESSING INFORMATION (OCLC)
a SA-JeALM
d 260319
u mohamedma123
n 1
Holdings
Withdrawn status Lost status Source of classification or shelving scheme Damaged status Not for loan Home library Current library Date acquired Total checkouts Full call number Barcode Date last seen Price effective from Koha item type
    Dewey Decimal Classification     DR AbdElwahab Library DR AbdElwahab Library 03/30/2026   م ن 215.2 م ح م 000023228 03/30/2026 03/30/2026 كتاب مصور نادر
    Dewey Decimal Classification     DR AbdElwahab Library DR AbdElwahab Library 04/15/2026   م ن 215.2 م ح م 000023384 04/15/2026 04/15/2026 كتاب مصور نادر